| 000 | 00631nam a22001817a 4500 | ||
|---|---|---|---|
| 999 |
_c7256 _d7256 |
||
| 003 | OSt | ||
| 005 | 20210921132202.0 | ||
| 008 | 210921b ||||| |||| 00| 0 eng d | ||
| 040 | _cDDC | ||
| 082 | _a620AKY1992 | ||
| 100 |
_aAkyurt M.M.; El-kalay A.K.; Mannaa A.R.M.; Abuelnaga A.M. and Abdulkarim F. _914897 |
||
| 245 |
_aVectorial Engineering Dynamics _cEdited by Akyurt M.M.; El-kalay A.K.; Mannaa A.R.M.; Abuelnaga A.M. and Abdulkarim F. |
||
| 260 |
_aSaudi Arabia _bHafiz House Publisher & Distributor _c1992 |
||
| 300 |
_axv,328p; _bill; _c24cm |
||
| 504 | _aIncludes; index. | ||
| 650 |
_aPhysics _9809 |
||
| 942 |
_2ddc _cO_SHELF |
||